Pensamiento y lenguaje

Uloženo v:
Podrobná bibliografie
Další autoři: Gorski, D.P
Médium: Neznámo
Jazyk:Spanish
Vydáno: Montevideo, Uruguay Pueblos Unidos 1959
Témata:
Tagy: Přidat tag
Žádné tagy, Buďte první, kdo vytvoří štítek k tomuto záznamu!

MARC

LEADER 000000000a22000000004500
001 000081
008 140516s1959 uy |||f |||| 000 0 spa d
020 |a 9700502708 
041 0 |a español 
082 |a 400 P418p 
245 1 0 |a Pensamiento y lenguaje  |c obra publicada bajo la dirección de D.P. Gorski 
260 |a Montevideo, Uruguay  |b Pueblos Unidos  |c 1959 
300 |a 518 páginas 
500 |a Número de inscripción 12981 
650 4 |a LENGUAJE Y LENGUA 
650 4 |a PENSAMIENTO 
700 1 2 |a Gorski, D.P.  |j dirección 
942 |2 ddc  |c BK 
999 |c 971  |d 971